000 00773nam a2200253Ia 4500
003 OSt
005 20220928120736.0
006 a|||||r|||| 00| 0
007 ta
008 220927b |||||||| |||| 00| 0 eng d
020 _cINR 1099.00
024 _a137524
037 _b323, 07/03/2018, Classic Book Service
_cTextual
040 _aSDCL
_cSDCL
_beng
041 _2eng
_aeng
082 _aD651:915(L), P9
100 _aDougherty Geoff
_9450868
245 0 _aDigital image processing for medical applications
260 _aDelhi
_bCambridge University Press
_c2009
300 _axii,447p.
_ccm.
650 _aI I C
942 _hD651:915(L), P9
_cTEXL
_2CC
999 _c765010
_d765010